| 000 | 00777nam a2200229 a 4500 | ||
|---|---|---|---|
| 001 | 49195 | ||
| 003 | BD-RjUL | ||
| 005 | 20211209054640.0 | ||
| 008 | 160818s1982 bg a|||| |||| 00| d ben d | ||
| 020 | _c: Tk. 15.00 | ||
| 035 | _a(BD-RjUL) 49314 | ||
| 040 |
_aBD-RjUL _bben _cBD-RjUL |
||
| 041 | _aben | ||
| 082 |
_223 _a891.442 _bALL 1982 |
||
| 100 | 1 |
_aআলী, শেখ আকরাম _9147875 |
|
| 245 | 1 | 0 |
_aলাশ' ৭৪ / _cশেখ আকরাম আলী |
| 260 |
_aঢাকা : _bবাংলাদেশ শিল্পকলা একাডেমী, _c১৯৮২ |
||
| 300 |
_a৫২ পৃ. : _bচিত্র ; _c২১ সেমি. |
||
| 650 |
_aবাংলা নাটক _9147876 |
||
| 650 |
_aBengali Drama _9147877 |
||
| 942 |
_2ddc _cBK |
||
| 999 |
_c49195 _d49195 |
||